La estabilidad de la democracia.

محفوظ في:
التفاصيل البيبلوغرافية
المؤلف الرئيسي: Budge, Ian
التنسيق: كتاب
اللغة:الإسبانية
منشور في: Buenos Aires, Argentina Paidós 1971
سلاسل:Biblioteca de Economía, Política y Sociedad. Serie Menor. 2
الموضوعات:
الوسوم: إضافة وسم
لا توجد وسوم, كن أول من يضع وسما على هذه التسجيلة!

MARC

LEADER 00000nam a2200000 a 4500
001 UCT7184
003 CL-VaPUC
005 20211201074226.0
008 970116e19710000AG |||||||||||||||||spa|d
999 |c 255842  |d 255840 
040 |c Pontificia Universidad Católica de Valparaíso 
082 0 4 |a 321.4 BUD 1971  |2 21 
100 0 |a Budge, Ian  |9 377989 
245 1 3 |a La estabilidad de la democracia. 
260 0 3 |a Buenos Aires, Argentina  |b Paidós  |c 1971 
300 |a 288 páginas. 
490 0 |a Biblioteca de Economía, Política y Sociedad. Serie Menor.  |v 2 
583 |a last modification  |c 19970116 00:00:00  |k Rodrigo Vera 
650 0 |a Democracia  |9 255256 
650 7 |a SISTEMAS POLITICOS  |2 CL-VaPUC  |9 377990 
650 0 |a Partidos políticos  |9 254999 
650 7 |a ELECTORADO  |2 CL-VaPUC  |9 377991 
650 0 |a Políticos   |9 256302 
650 7 |a COMPORTAMIENTO POLITICO  |2 CL-VaPUC  |9 335468 
942 |c BK  |2 ddc 
945 |d 19970116 00:00:00  |a paguirre 
952 |0 0  |1 0  |2 ddc  |4 0  |6 321_400000000000000_BUD_1971  |7 0  |8 A  |9 278288  |a BIBDER  |b BIBDER  |d 2019-11-19  |i 1807226  |o 321.4 BUD 1971  |p 1807226  |r 2023-01-25  |t 1  |w 2019-11-19  |y BK  |k DER